Iconografía medieval de la madre de Dios en el antiguo reino de Sevilla / (Record no. 79137)

MARC details
000 -LEADER
campo de control de longitud fija 00812nam a2200205 i 4500
001 - NÚMERO DE CONTROL
campo de control 79137
003 - IDENTIFICADOR DE NÚMERO DE CONTROL
campo de control ES-MaACL
005 - FECHA Y HORA DE LA ÚLTIMA TRANSACCIÓN
campo de control 20251004063124.0
007 - CAMPO FIJO DE DESCRIPCIÓN FÍSICA--INFORMACIÓN GENERAL
campo de control de longitud fija t|
008 - DATOS DE LONGITUD FIJA--INFORMACIÓN GENERAL
campo de control de longitud fija 041019s1971 sp f |||| | spa d
100 1# - ENTRADA PRINCIPAL--NOMBRE DE PERSONA
Nombre de persona Hernández Díaz, José,
Fechas asociadas al nombre 1906-1998
9 (RLIN) 62929
245 10 - MENCIÓN DEL TÍTULO
Título Iconografía medieval de la madre de Dios en el antiguo reino de Sevilla /
Mención de responsabilidad, etc. discurso académico [de] José Hernández Díaz y contestación [de] Enrique Pérez Comendador.
260 ## - PUBLICACIÓN, DISTRIBUCIÓN, ETC.
Lugar de publicación, distribución, etc. Madrid :
Nombre del editor, distribuidor, etc. Real Academia de Bellas Artes de San Fernando,
Fecha de publicación, distribución, etc. 1971.
300 ## - DESCRIPCIÓN FÍSICA
Extensión 71 p., 11 lám. ;
Dimensiones 24 cm.
600 04 - PUNTO DE ACCESO ADICIONAL DE MATERIA--NOMBRE DE PERSONA
Nombre de persona Virgen María-
Subdivisión general Iconografía.
9 (RLIN) 115442
700 1# - ENTRADA AGREGADA--NOMBRE PERSONAL
Nombre de persona Pérez Comendador, Enrique.
9 (RLIN) 90737
710 2# - ENTRADA AGREGADA--NOMBRE DE ENTIDAD CORPORATIVA
Nombre de entidad corporativa o nombre de jurisdicción como elemento de entrada Real Academia de Bellas Artes de San Fernando.
9 (RLIN) 6291
852 ## - LOCALIZACIÓN
Ubicación ES-MaACL
Número de control de estantería C-41912
Holdings
Estatus retirado Estado de pérdida Estado de daño No para préstamo Biblioteca de origen Biblioteca actual Ubicación en estantería Fecha de adquisición Fuente de adquisición Total de préstamos Signatura topográfica completa Código de barras Visto por última vez Precio de reemplazo Tipo de ítem Koha
        Biblioteca del Ateneo de Madrid Biblioteca del Ateneo de Madrid Depósito 2 17/01/2008     C-41912 1082760 23/02/2023 23/02/2023 Libro impreso